• 首页
  • 本馆介绍
  • 公告通知
  • 最新文献
  • 馆藏检索
  • 电子资源
  • 读者导购
  • 参考咨询
  • 我的图书馆
  • 登录
  • 详细信息显示
  • 放入我的书架
  • 预约/预借图书
  • 作者相关作品
  • 分类相关作品
  • 丛书相关作品
  • 出版社相关作品

书目信息

  • 表格格式
  • 工作单格式
  • 卡片格式
题名:
综合知识
    
 
作者: 张学忠 主编 ;人事部考试录用司 组织编写
分册:  
出版信息: 北京   中国林业出版社  1997
页数: 364页
开本: 26cm
丛书名:
单 册:
中图分类: D630.3
科图分类: 32.267
主题词: 国家公务员制度--中国--考核--教材
电子资源:
ISBN: 7-5038-1901-4
000 00760nam0 2200241 45
001 0198010812
005 20070710105151.95
010    @a7-5038-1901-4@dCNY34.00
100    @a19980223d1997 em y0chiy0121 ea
101 0  @achi
102    @aCN@b110000
105    @ay z 000yy
200 10 @a综合知识@Azong he zhi shi@f张学忠主编@g中华人民共和国人事部考试录用司组织编写
210    @a北京@c中国林业出版社@d1997
215    @a364页@d26cm
300    @a国家公务员录用考试公共科目全国统一用书
606    @a国家公务员制度@y中国@x考核@x教材
690    @aD630.3@v3
692    @a32.267@v2
701  0 @a张学忠@Azhang xue zhong@4主编
712 02 @a人事部考试录用司@Aren shi bu kao shi lu yong si@4组织编写
801  0 @aCN@bTSSF@c20070710
905    @a10447@dD630.3@e103
    
    综合知识/张学忠主编/中华人民共和国人事部考试录用司组织编写.-北京:中国林业出版社,1997
    364页;26cm
    国家公务员录用考试公共科目全国统一用书
    
    ISBN 7-5038-1901-4:CNY34.00
    
●
相关链接 在E读中查询图书 在五车中查询图书 在当当中查询图书 在豆瓣中查询图书


正题名:综合知识     索取号:D630.3/103         预约/预借

序号 登录号 条形码 馆藏地/架位号 状态 备注
1 0764967   207649678   第一样本阅览室/ [索取号:D630.3/103] 在馆    
唐山师范学院图书馆 欢迎您!
大连网信软件有限公司© 版权所有